000 00324 a2200145 4500
001 169641
020 _a
040 _cMagnum
100 _aMinisterio da Educacao e Cultura
240 1 0 _aEducacao de jovens e adultos
_lpor
245 1 0 _aEducacao de jovens e adultos
362 0 _a1899
697 _aENSINO
942 _cBK
999 _c169641
_d169641